African Footballer of the Year - Statistics

General Stats
  • This quiz has been taken 3,372 times
    3,336 since last reset
  • The average score is 13 of 22
Answer Stats
Year Nationality Club Answer % Correct
2006 Ivory Coast Chelsea Didier Drogba
97%
2009 Ivory Coast Chelsea Didier Drogba
97%
2003 Cameroon RCD Mallorca Samuel Eto'o
96%
2004 Cameroon RCD Mallorca/Barcelona Samuel Eto'o
96%
2005 Cameroon Barcelona Samuel Eto'o
96%
2010 Cameroon Inter Milan Samuel Eto'o
96%
2011 Ivory Coast Manchester City Yaya Touré
95%
2012 Ivory Coast Manchester City Yaya Touré
95%
2013 Ivory Coast Manchester City Yaya Touré
95%
1995 Liberia Paris Saint-Germain/AC Milan George Weah
73%
2008 Togo Arsenal Emmanuel Adebayor
72%
1996 Nigeria Ajax/Inter Milan Nwankwo Kanu
47%
1999 Nigeria Arsenal Nwankwo Kanu
47%
1992 Ghana Olympique Marseille Abedi Pelé
39%
2001 Senegal RC Lens El Hadji Diouf
38%
2002 Senegal RC Lens/Liverpool El Hadji Diouf
38%
2007 Mali Sevilla Frédéric Kanouté
34%
1998 Morocco Deportivo La Coruna Mustapha Hadji
11%
2000 Cameroon Cagliari Calcio/Parma Patrick Mboma
9%
1997 Nigeria AS Monaco Victor Ikpeba
6%
1993 Nigeria Vitória Setubal Rashidi Yekini
5%
1994 Nigeria El Zamalek/Sporting Lisbon Emmanuel Abuneke
1%
No matching quizzes found
Score Distribution
Percent of People with Each Score
Percentile by Number Answered
Your Score History
You have not taken this quiz since the last reset